FOLIA RHEUMATOLOGICA : SPORTS INJURIES (Record no. 22332)
[ view plain ]
| 000 -LEADER | |
|---|---|
| fixed length control field | 00319nam a22001337a 4500 |
| 003 - CONTROL NUMBER IDENTIFIER | |
| control field | SGT |
| 082 ## - DEWEY DECIMAL CLASSIFICATION NUMBER | |
| Classification number | 617.1 |
| Item number | F93P |
| 100 ## - MAIN ENTRY--PERSONAL NAME | |
| Personal name | PETERSON, L. |
| 245 ## - TITLE STATEMENT | |
| Title | FOLIA RHEUMATOLOGICA : SPORTS INJURIES |
| 260 ## - PUBLICATION, DISTRIBUTION, ETC. (IMPRINT) | |
| Place of publication, distribution, etc | SWITZERLAND |
| Name of publisher, distributor, etc | CIBA-GEIGY PUB |
| Year of Publication | 1993 |
| 650 ## - SUBJECT ADDED ENTRY--TOPICAL TERM | |
| Topical term or geographic name as entry element | ORTHOPEDICS |
| 653 ## - KEYWORDS--INDEX TERM | |
| Keyword term | SPORTS INJURIES |
| 942 ## - ADDED ENTRY ELEMENTS (KOHA) | |
| Source of classification or shelving scheme | Dewey Decimal Classification |
| Koha item type | Rare Books |
| Withdrawn status | Lost status | Source of classification or shelving scheme | Damaged status | Not for loan | Collection code | Home library | Current library | Shelving location | Date acquired | Vendor Name | SGTU | Total Checkouts | Full call number | Accession No. (Barcode) | Date last seen | Bill Date | Koha item type |
|---|---|---|---|---|---|---|---|---|---|---|---|---|---|---|---|---|---|
| Dewey Decimal Classification | Not For Loan | NURSING | SGT Medical Library | SGT Medical Library | Reference Book | 02/03/2022 | COMP. | SGTU | 617.1 F93P | FN4681 | 02/03/2022 | 02/03/2022 | Rare Books |